000 00467nam a2200181Ia 4500
001 14735
003 GE_BSU
008 181216s||||||||xx |||||||||||||| ||und||
040 _cGE_BSU
080 _aპერიოდიკა
245 _aSQL Server. №2(170). Февраль.2015
245 _bЖурнал для профессионалов.
260 _aМосква
260 _c2015
300 _a22стр.29см.
653 _aSQL Server
942 _cCR
999 _c47860
_d47860